[Event "Paul Keres mem (26th) U2000"]
[Site "Vancouver CAN"]
[Date "2001.05.20"]
[Round "3"]
[White "Cheng, Louis"]
[Black "Campbell, Jamie"]
[Result "1-0"]
[WhiteElo "1780"]
[BlackElo "1517"]
[PlyCount "73"]
[GameId "2160767911564635"]
[EventDate "2001.05.19"]
[EventType "swiss"]
[EventRounds "7"]
[EventCountry "CAN"]

1. e4 d6 2. Nf3 Nf6 3. Nc3 g6 4. Be2 Bg7 5. O-O O-O 6. h3 c6 7. d4 Nbd7 8. Re1 e5 9. a4 Re8 10. Bc4 Nb6 11. Bb3 a5 12. dxe5 dxe5 13. Qxd8 Rxd8 14. Nxe5 Be6 15. Bxe6 fxe6 16. Be3 Nfd7 17. Nxd7 Nxd7 18. f4 Bxc3 19. bxc3 Nf6 20. Bd4 Nh5 21. Rab1 Rd7 22. Be5 Rf8 23. g3 Nxg3 24. f5 gxf5 25. Bxg3 Rg7 26. Kh2 f4 27. Bf2 f3 28. Rg1 Rg2+ 29. Rxg2+ fxg2 30. Kxg2 Rf4 31. Re1 b5 32. Kg3 Rf7 33. Ra1 Rg7+ 34. Kf3 Rf7+ 35. Ke3 Rg7 36. axb5 cxb5 37. Rxa5 1-0

[Event "Paul Keres mem (26th) U2000"]
[Site "Vancouver CAN"]
[Date "2001.05.20"]
[Round "3"]
[White "Tohidi, Mehraz"]
[Black "Lowther, Jeff"]
[Result "1-0"]
[WhiteElo "1987"]
[BlackElo "1700"]
[PlyCount "119"]
[GameId "2160767911564636"]
[EventDate "2001.05.19"]
[EventType "swiss"]
[EventRounds "7"]
[EventCountry "CAN"]

1. Nf3 d5 2. d4 Nf6 3. c4 e6 4. Bg5 Be7 5. e3 O-O 6. Nc3 Nbd7 7. Rc1 dxc4 8. Bxc4 c5 9. O-O Nb6 10. Bd3 cxd4 11. exd4 Nbd5 12. a3 a6 13. Ne5 Bd7 14. Nxd5 Nxd5 15. Qh5 g6 16. Bxe7 Qxe7 17. Qh6 Rfc8 18. h4 Ba4 19. g3 Qf8 20. Qd2 Rxc1 21. Rxc1 Rc8 22. Re1 Qd8 23. h5 Kg7 24. hxg6 hxg6 25. Re4 Qc7 26. Bc4 b5 27. Bxd5 Qc1+ 28. Qxc1 Rxc1+ 29. Kg2 exd5 30. Re3 Rd1 31. b3 Rxd4 32. bxa4 Rxa4 33. Rd3 Kf6 34. Nd7+ Ke7 35. Nb6 Ra5 36. f3 Ke6 37. Nxd5 Kd6 38. Ne3+ Kc5 39. Rb3 Ra4 40. Kf2 b4 41. axb4+ Rxb4 42. Rxb4 Kxb4 43. Ke2 a5 44. Kd2 a4 45. Kc2 a3 46. Ng4 Kc4 47. Ne5+ Kd4 48. Nxf7 Ke3 49. Ne5 Kf2 50. g4 Kg3 51. g5 Kf4 52. Nf7 Kxf3 53. Kb3 Ke4 54. Kxa3 Kf5 55. Kb4 Ke6 56. Nh6 Kd6 57. Kc4 Ke6 58. Kd4 Kd6 59. Ke4 Ke6 60. Ng4 1-0

[Event "Paul Keres mem (26th) U2000"]
[Site "Vancouver CAN"]
[Date "2001.05.20"]
[Round "4"]
[White "Lowther, Jeff"]
[Black "Hardy, Justin"]
[Result "0-1"]
[WhiteElo "1700"]
[BlackElo "1798"]
[PlyCount "120"]
[GameId "2160767911564638"]
[EventDate "2001.05.19"]
[EventType "swiss"]
[EventRounds "7"]
[EventCountry "CAN"]

1. e4 e6 2. c4 c5 3. Nc3 Nc6 4. Nf3 g6 5. d4 Bg7 6. Be3 cxd4 7. Nxd4 Nge7 8. Ndb5 O-O 9. Qd2 a6 10. Nd6 Qc7 11. f4 f5 12. e5 Rd8 13. Na4 Rf8 14. Bb6 Qb8 15. Nc5 Kh8 16. b4 Nxe5 17. fxe5 Bxe5 18. Rd1 Bxd6 19. Qxd6 Qxd6 20. Rxd6 Nc6 21. a3 Rf7 22. Nd3 Kg8 23. Be2 Kf8 24. Kf2 Ke8 25. Bf3 g5 26. Bxc6 bxc6 27. Ne5 Rg7 28. Rhd1 h5 29. Bd4 Rh7 30. Bc3 Rb8 31. c5 Ra8 32. Nc4 Rb8 33. Nb6 Rf7 34. Bb2 g4 35. Bc1 f4 36. Bb2 f3 37. g3 Rf5 38. Nxc8 Rxc8 39. Rxd7 Rd5 40. R1xd5 cxd5 41. Rh7 a5 42. Rxh5 Kd7 43. Rg5 axb4 44. axb4 Ra8 45. Bd4 Ra2+ 46. Kg1 Rg2+ 47. Kh1 Rd2 48. h4 Rxd4 49. Kg1 Rxb4 50. h5 Kc6 51. h6 Rb1+ 52. Kf2 Rh1 53. Rg6 Kxc5 54. Rxe6 Kd4 55. Rg6 Rh2+ 56. Kf1 Ke3 57. Re6+ Kd3 58. Rg6 d4 59. Rxg4 Ke3 60. Kg1 Rxh6 0-1

[Event "Paul Keres mem (26th) U2000"]
[Site "Vancouver CAN"]
[Date "2001.05.20"]
[Round "4"]
[White "Tam, Eric"]
[Black "Tohidi, Mehraz"]
[Result "0-1"]
[WhiteElo "1901"]
[BlackElo "1987"]
[PlyCount "100"]
[GameId "2160767911564639"]
[EventDate "2001.05.19"]
[EventType "swiss"]
[EventRounds "7"]
[EventCountry "CAN"]

1. d4 d5 2. c4 c6 3. Nf3 Nf6 4. Nc3 e6 5. cxd5 exd5 6. Bg5 Be7 7. e3 h6 8. Bh4 Bf5 9. Qb3 Qb6 10. Qxb6 axb6 11. Be2 b5 12. Bd1 Nbd7 13. Bxf6 Bxf6 14. O-O b4 15. Ne2 Bd3 16. Re1 O-O 17. Nf4 Bc4 18. b3 Bb5 19. Be2 Bxe2 20. Rxe2 Ra3 21. Rc1 Rfa8 22. Rcc2 Be7 23. Nd3 Bd6 24. g3 Nf6 25. Nc1 Ne4 26. Ne1 g5 27. g4 Kf8 28. Ned3 f6 29. f3 Nc3 30. Red2 Kf7 31. Kf2 Ke6 32. h3 Kd7 33. Rxc3 bxc3 34. Rc2 h5 35. gxh5 Rh8 36. Rxc3 Rxh5 37. Kg2 Ra8 38. Rc2 Rah8 39. Nf2 f5 40. Kf1 Re8 41. Re2 Rh6 42. Ncd3 b6 43. Kg2 Rhe6 44. Nd1 f4 45. Kf2 c5 46. dxc5 Bxc5 47. N3b2 Kc6 48. Nd3 R8e7 49. N3b2 Bd4 50. Nd3 fxe3+ 0-1

[Event "Paul Keres mem (26th) U2000"]
[Site "Vancouver CAN"]
[Date "2001.05.21"]
[Round "5"]
[White "Chan, James"]
[Black "Tam, Eric"]
[Result "1/2-1/2"]
[WhiteElo "1836"]
[BlackElo "1901"]
[PlyCount "100"]
[GameId "2160767911564641"]
[EventDate "2001.05.19"]
[EventType "swiss"]
[EventRounds "7"]
[EventCountry "CAN"]

1. d4 Nf6 2. c4 g6 3. Nc3 Bg7 4. e4 d6 5. f3 O-O 6. Bg5 c6 7. Qd2 Qc7 8. Rc1 Nbd7 9. Nh3 Nb6 10. Nf2 Be6 11. b3 c5 12. d5 Bd7 13. Be2 a5 14. a4 Be8 15. Bh6 Nbd7 16. O-O Qb6 17. Rb1 Ne5 18. Bxg7 Kxg7 19. h3 Rd8 20. f4 Ned7 21. Nd3 e5 22. f5 h6 23. h4 Nh7 24. Ne1 g5 25. hxg5 Nxg5 26. f6+ Nxf6 27. Qe3 Nfh7 28. Bg4 Bd7 29. Bf5 f6 30. Nf3 Bxf5 31. exf5 Qc7 32. Nh4 Rg8 33. Kf2 Nf7 34. Ne4 Nhg5 35. Ng3 Kf8 36. Nh5 Nh7 37. Ng6+ Ke8 38. Rh1 Kd7 39. Nhf4 Nhg5 40. Ne6 Qb6 41. Nxd8 Qxd8 42. Rh4 Kc7 43. Rbh1 Qd7 44. g4 Kb8 45. Qe1 b6 46. Qe2 Kb7 47. Ke3 Ka7 48. Qd1 Ka6 49. R1h2 Kb7 50. Qh1 Ka6 1/2-1/2

[Event "Paul Keres mem (26th) U2000"]
[Site "Vancouver CAN"]
[Date "2001.05.21"]
[Round "5"]
[White "Goutor, Valentina"]
[Black "Lowther, Jeff"]
[Result "1-0"]
[WhiteElo "1791"]
[BlackElo "1700"]
[PlyCount "45"]
[GameId "2160767911564642"]
[EventDate "2001.05.19"]
[EventType "swiss"]
[EventRounds "7"]
[EventCountry "CAN"]

1. e4 e5 2. Nf3 Nc6 3. d4 exd4 4. c3 dxc3 5. Bc4 cxb2 6. Bxb2 Nh6 7. O-O d6 8. Nbd2 Be6 9. Nd4 Bxc4 10. Nxc4 Ne5 11. Ne3 Qh4 12. f3 O-O-O 13. Rc1 Kb8 14. Qb3 c5 15. Qc2 Rg8 16. Nd5 Be7 17. Nb5 Nc6 18. a4 f6 19. Rb1 Nf7 20. Nbc7 Nb4 21. Qb3 a5 22. Nxe7 Kxc7 23. Nxg8 1-0

[Event "Paul Keres mem (26th) U2000"]
[Site "Vancouver CAN"]
[Date "2001.05.21"]
[Round "5"]
[White "Lee, Jason"]
[Black "Cheng, Louis"]
[Result "1-0"]
[WhiteElo "1946"]
[BlackElo "1780"]
[PlyCount "77"]
[GameId "2160767911564643"]
[EventDate "2001.05.19"]
[EventType "swiss"]
[EventRounds "7"]
[EventCountry "CAN"]

1. d4 Nf6 2. c4 e6 3. Nc3 Bb4 4. Qc2 O-O 5. Bg5 d5 6. e3 b6 7. Bd3 h6 8. Bh4 Bb7 9. Nf3 Nbd7 10. Ne5 g5 11. Bg3 c5 12. h4 Nh5 13. Nxd7 Nxg3 14. fxg3 Qxd7 15. hxg5 hxg5 16. O-O-O f5 17. Rh5 Rf7 18. cxd5 Bxd5 19. Nxd5 Qxd5 20. Bc4 Qd6 21. a3 Ba5 22. Rdh1 Raf8 23. Rh8+ Kg7 24. R1h7+ Kf6 25. Rh6+ Kg7 26. R8h7+ Kg8 27. Rh8+ Kg7 28. R6h7+ Kf6 29. Rh6+ Ke7 30. Rxe6+ Qxe6 31. Bxe6 Rxh8 32. b4 Kxe6 33. bxa5 Rh1+ 34. Kb2 cxd4 35. Qc4+ Ke7 36. Qxd4 Rh2 37. Qd5 Kf6 38. g4 Kg6 39. Qd6+ 1-0

[Event "Paul Keres mem (26th) U2000"]
[Site "Vancouver CAN"]
[Date "2001.05.21"]
[Round "5"]
[White "Tohidi, Mehraz"]
[Black "Kruger, Benjamin"]
[Result "0-1"]
[WhiteElo "1987"]
[BlackElo "1915"]
[PlyCount "68"]
[GameId "2160767911564644"]
[EventDate "2001.05.19"]
[EventType "swiss"]
[EventRounds "7"]
[EventCountry "CAN"]

1. Nf3 g6 2. d4 Bg7 3. c4 d6 4. Nc3 a6 5. h3 Nc6 6. g3 e5 7. d5 Nce7 8. Bg2 f5 9. O-O Nf6 10. b3 O-O 11. Bb2 e4 12. Nd4 h5 13. h4 Ng4 14. e3 g5 15. hxg5 Ng6 16. Qd2 Qxg5 17. Nce2 h4 18. Nf4 hxg3 19. fxg3 Qh6 20. Bh3 Nxf4 21. Bxg4 Nd3 22. Nxf5 Bxf5 23. Bxg7 Qxg7 24. Bxf5 Rxf5 25. Rxf5 Qxa1+ 26. Kg2 Qb2 27. Qxb2 Nxb2 28. g4 Rf8 29. Rf4 Rxf4 30. exf4 Nd3 31. Kg3 e3 32. Kf3 e2 33. Kxe2 Nxf4+ 34. Ke3 Ng6 0-1

[Event "Paul Keres mem (26th) U2000"]
[Site "Vancouver CAN"]
[Date "2001.05.21"]
[Round "6"]
[White "Hamanishi, Neil"]
[Black "Cheng, Louis"]
[Result "0-1"]
[WhiteElo "1799"]
[BlackElo "1780"]
[PlyCount "60"]
[GameId "2160767911564645"]
[EventDate "2001.05.19"]
[EventType "swiss"]
[EventRounds "7"]
[EventCountry "CAN"]

1. d4 Nf6 2. c4 e6 3. Nf3 b6 4. Nc3 Bb4 5. Bd2 Bb7 6. e3 O-O 7. a3 Be7 8. Bd3 d5 9. cxd5 exd5 10. O-O Nbd7 11. Rc1 c5 12. Re1 Ne4 13. Bb1 f5 14. Ba2 c4 15. Ne5 Nxe5 16. dxe5 Qc7 17. f4 Nc5 18. Bb1 Qc6 19. Re2 Nb3 20. Na2 Nxc1 21. Qxc1 a5 22. Nc3 b5 23. Bc2 b4 24. Ba4 Qc5 25. Nd1 Rfd8 26. Bc2 g6 27. Nf2 Ba6 28. axb4 axb4 29. h3 c3 30. bxc3 Bxe2 0-1

[Event "Paul Keres mem (26th) U2000"]
[Site "Vancouver CAN"]
[Date "2001.05.21"]
[Round "6"]
[White "Kruger, Benjamin"]
[Black "Lee, Jason"]
[Result "0-1"]
[WhiteElo "1915"]
[BlackElo "1946"]
[PlyCount "80"]
[GameId "2160767911564646"]
[EventDate "2001.05.19"]
[EventType "swiss"]
[EventRounds "7"]
[EventCountry "CAN"]

1. d4 Nf6 2. c4 g6 3. Nc3 Bg7 4. e4 d6 5. Nf3 O-O 6. Be2 e5 7. O-O Nc6 8. d5 Ne7 9. Ne1 Ne8 10. Bd2 f5 11. exf5 gxf5 12. f4 e4 13. Nc2 c5 14. dxc6 bxc6 15. Rb1 a5 16. g4 d5 17. Be3 fxg4 18. Nxe4 Bf5 19. Ng3 Nf6 20. Bc5 Ne4 21. Nxe4 Bxe4 22. Bxg4 Kh8 23. Nd4 Qe8 24. Ne6 Rg8 25. Bd4 Qg6 26. Nxg7 Rxg7 27. Bxg7+ Qxg7 28. Rc1 h5 29. Rc3 hxg4 30. cxd5 cxd5 31. Rg3 Rg8 32. h3 Qh6 33. Rxg4 Qxh3 34. Rxg8+ Kxg8 35. Kf2 Nf5 36. Qb3 Qh4+ 37. Kg1 Qg4+ 38. Kf2 Qxf4+ 39. Ke1 Qc1+ 40. Kf2 Qd2+ 0-1

[Event "Paul Keres mem (26th) U2000"]
[Site "Vancouver CAN"]
[Date "2001.05.21"]
[Round "6"]
[White "Lowther, Jeff"]
[Black "Feng, Jason"]
[Result "1/2-1/2"]
[WhiteElo "1700"]
[BlackElo "1635"]
[PlyCount "123"]
[GameId "2160767911564647"]
[EventDate "2001.05.19"]
[EventType "swiss"]
[EventRounds "7"]
[EventCountry "CAN"]

1. e4 e5 2. Nf3 Nc6 3. c3 d5 4. Bb5 dxe4 5. Nxe5 Bd7 6. Nxc6 bxc6 7. Bc4 Nf6 8. Qb3 Qe7 9. O-O g6 10. d3 Bg7 11. Re1 O-O 12. dxe4 Ng4 13. h3 Ne5 14. Bf1 Bxh3 15. Bf4 Be6 16. Qc2 Nc4 17. Nd2 Nxd2 18. Qxd2 Rfd8 19. Qe3 a5 20. e5 Rd5 21. Bc4 Rd7 22. Bg5 Qf8 23. Bxe6 fxe6 24. Rad1 Rxd1 25. Rxd1 Qf5 26. Bf4 Rf8 27. Bg3 Qc2 28. Qd2 Qf5 29. Re1 Qf7 30. a4 Qe7 31. Rd1 Rf5 32. Qd8+ Qxd8 33. Rxd8+ Rf8 34. Rd7 Rf7 35. Rxf7 Kxf7 36. b4 axb4 37. cxb4 Bf8 38. a5 Bxb4 39. a6 Bc5 40. Bf4 Ba7 41. Be3 c5 42. Kf1 Ke7 43. Ke2 Kd7 44. Kf3 Kc6 45. Kg4 Kb5 46. Kg5 Kxa6 47. Kf6 c4 48. Bd2 Bxf2 49. Bc3 Kb5 50. Kxe6 Kc5 51. Kd7 Kd5 52. e6 Bc5 53. e7 Bxe7 54. Kxe7 Ke4 55. Kf7 Kd3 56. Bf6 c3 57. Kg7 c2 58. Bg5 Ke2 59. Kxh7 Kf2 60. g4 Kf3 61. Kxg6 Kxg4 62. Kf6 1/2-1/2

[Event "Pere Noel"]
[Site "Montreal CAN"]
[Date "2001.12.26"]
[Round "1"]
[White "Gottlieb, Jonathan"]
[Black "Charbonneau, Anne-Marie"]
[Result "1-0"]
[WhiteElo "2175"]
[BlackElo "1942"]
[PlyCount "93"]
[GameId "2160767911484764"]
[EventDate "2001.12.26"]
[EventType "swiss"]
[EventRounds "5"]
[EventCountry "CAN"]

1. e4 c5 2. Nf3 d6 3. d4 cxd4 4. Nxd4 Nf6 5. Nc3 e6 6. Be2 Be7 7. Be3 O-O 8. O-O a6 9. a4 Nc6 10. f4 Qc7 11. Kh1 Bd7 12. Qe1 Nxd4 13. Bxd4 Bc6 14. Qg3 b6 15. Rae1 Qb7 16. Bd3 b5 17. e5 dxe5 18. fxe5 Nh5 19. Qh3 g6 20. Ne4 Rfd8 21. c3 bxa4 22. Re2 Bb5 23. Bxb5 axb5 24. Qf3 Kh8 25. Qh3 Bf8 26. Rf3 a3 27. bxa3 Rxa3 28. g4 Ra1+ 29. Kg2 Ng7 30. Ng5 h5 31. Nxf7+ Kg8 32. Nxd8 Qd7 33. Ref2 Qxd8 34. Rxf8+ Qxf8 35. Rxf8+ Kxf8 36. Qf3+ Kg8 37. Bc5 Ra2+ 38. Kg3 hxg4 39. Qf8+ Kh7 40. Qf7 Kh8 41. Kf4 Rxh2 42. Kg5 Nf5 43. Qe8+ Kh7 44. Qxg6+ Kh8 45. Qxe6 Ng7 46. Qf7 g3 47. Kg6 1-0

[Event "Pere Noel"]
[Site "Montreal CAN"]
[Date "2001.12.26"]
[Round "1"]
[White "Pitre, Francois"]
[Black "Sarwer, Jeff"]
[Result "0-1"]
[WhiteElo "2129"]
[BlackElo "2398"]
[PlyCount "98"]
[GameId "2160767911484765"]
[EventDate "2001.12.26"]
[EventType "swiss"]
[EventRounds "5"]
[EventCountry "CAN"]
[SourceTitle "EXT 2005"]
[Source "ChessBase"]
[SourceDate "2004.11.15"]
[SourceVersion "1"]
[SourceVersionDate "2004.11.15"]
[SourceQuality "1"]

1. Nf3 Nc6 2. d4 d6 3. e4 Nf6 4. Nc3 Bg4 5. Bb5 a6 6. Ba4 b5 7. Bb3 Bxf3 8. gxf3 Na5 9. Be3 e6 10. Ne2 c5 11. dxc5 dxc5 12. Qxd8+ Rxd8 13. c3 Nc6 14. Ng3 Ne5 15. Ke2 Be7 16. Rhd1 O-O 17. h3 c4 18. Bc2 b4 19. Bb6 Rxd1 20. Rxd1 b3 21. axb3 cxb3 22. Bd3 Nxd3 23. Rxd3 Rb8 24. Bc7 Rb7 25. Bd6 Kf8 26. c4 Nd7 27. e5 Bxd6 28. exd6 Nc5 29. Ne4 Nxd3 30. Kxd3 Ke8 31. Kd4 a5 32. Nc3 Kd7 33. Kc5 Rb8 34. Nb5 h5 35. f4 f6 36. f3 g5 37. f5 exf5 38. Kd5 g4 39. Nd4 gxh3 40. c5 Rc8 41. c6+ Rxc6 42. Nxc6 h2 43. Nb8+ Kd8 44. Ke6 h1=Q 45. d7 Kc7 46. Na6+ Kd8 47. Nc5 Qe1+ 48. Kd6 Qe5+ 49. Kc6 Qxc5+ 0-1

[Event "Pere Noel"]
[Site "Montreal CAN"]
[Date "2001.12.27"]
[Round "2"]
[White "Gagnon, Michel"]
[Black "Gottlieb, Jonathan"]
[Result "0-1"]
[WhiteElo "2079"]
[BlackElo "2175"]
[PlyCount "96"]
[GameId "2160767911484766"]
[EventDate "2001.12.26"]
[EventType "swiss"]
[EventRounds "5"]
[EventCountry "CAN"]

1. d4 d5 2. Nf3 e6 3. e3 Nf6 4. Bd3 c5 5. b3 Nc6 6. O-O Be7 7. Nbd2 O-O 8. Bb2 Qb6 9. c4 Nb4 10. Bb1 dxc4 11. Nxc4 Qc7 12. a3 Nbd5 13. Bd3 b5 14. Ncd2 a6 15. Rc1 Qb6 16. Qe2 Bb7 17. dxc5 Bxc5 18. b4 Bxe3 19. fxe3 Nf4 20. Bxh7+ Nxh7 21. Qf2 Nd3 22. Bd4 Qd6 23. Qh4 Nxc1 24. Rxc1 Qd8 25. Qf4 Nf6 26. Rc5 Bd5 27. Ng5 Re8 28. Qe5 Qb8 29. Rc7 Rc8 30. Rxc8+ Qxc8 31. Bc5 Nd7 32. Qd4 f6 33. Nge4 Qc6 34. Nd6 Rd8 35. e4 Nxc5 36. bxc5 Bc4 37. h3 e5 38. Qe3 Be6 39. Kh2 Rd7 40. Nf5 Rc7 41. Nb3 Bxf5 42. exf5 Qd5 43. Qg3 Rc8 44. Qe3 e4 45. Kg3 Qxf5 46. Kh2 Qe5+ 47. Kg1 Qd5 48. Kf2 a5 0-1

[Event "Pere Noel"]
[Site "Montreal CAN"]
[Date "2001.12.27"]
[Round "2"]
[White "Sarwer, Jeff"]
[Black "Voskanyan, Vahagn"]
[Result "0-1"]
[WhiteElo "2309"]
[BlackElo "2359"]
[PlyCount "92"]
[GameId "2160767911484767"]
[EventDate "2001.12.26"]
[EventType "swiss"]
[EventRounds "5"]
[EventCountry "CAN"]
[SourceTitle "EXT 2005"]
[Source "ChessBase"]
[SourceDate "2004.11.15"]
[SourceVersion "1"]
[SourceVersionDate "2004.11.15"]
[SourceQuality "1"]

1. d4 Nf6 2. c4 e6 3. Nc3 d5 4. Nf3 Be7 5. g3 O-O 6. Bg2 Nbd7 7. O-O dxc4 8. e4 Nb6 9. Qe2 Bd7 10. Ne5 c5 11. d5 exd5 12. exd5 Re8 13. Nxc4 Bd6 14. Be3 Nxc4 15. Qxc4 Ng4 16. Bd2 Ne5 17. Qb3 Bh3 18. Qxb7 Bxg2 19. Kxg2 Rb8 20. Qxa7 Rxb2 21. Be3 Nc4 22. Kg1 Nxe3 23. fxe3 f6 24. Rf2 Rxf2 25. Kxf2 Qc8 26. Re1 Qh3 27. Kg1 Bxg3 28. hxg3 Qxg3+ 29. Kf1 Qf3+ 30. Kg1 Re5 31. Qb8+ Kf7 32. Qc7+ Kg6 33. Qxe5 fxe5 34. Re2 h5 35. d6 Kh7 36. a4 e4 37. a5 Qg3+ 38. Kf1 Qxd6 39. Nxe4 Qe5 40. Nd2 Qa1+ 41. Kf2 Qxa5 42. e4 Qb6 43. e5 c4+ 44. Kf3 Qe6 45. Ke4 c3 46. Nf3 Qc6+ 0-1

[Event "Pere Noel"]
[Site "Montreal CAN"]
[Date "2001.12.28"]
[Round "3"]
[White "Gottlieb, Jonathan"]
[Black "Linskiy, Oleg"]
[Result "0-1"]
[WhiteElo "2168"]
[BlackElo "2412"]
[PlyCount "85"]
[GameId "2160767911484768"]
[EventDate "2001.12.26"]
[EventType "swiss"]
[EventRounds "5"]
[EventCountry "CAN"]
[SourceTitle "EXT 2005"]
[Source "ChessBase"]
[SourceDate "2004.11.15"]
[SourceVersion "1"]
[SourceVersionDate "2004.11.15"]
[SourceQuality "1"]

1. e4 c6 2. d4 d5 3. exd5 cxd5 4. Bd3 Nc6 5. c3 Qc7 6. Ne2 e6 7. Bf4 Bd6 8. Bxd6 Qxd6 9. O-O Nf6 10. Ng3 Bd7 11. Re1 O-O-O 12. Nd2 h5 13. Nf3 h4 14. Nf1 Qf4 15. b4 Kb8 16. a4 Rdf8 17. Qe2 Qc7 18. Rec1 Nh5 19. g3 hxg3 20. fxg3 f6 21. a5 g5 22. Qa2 Qd6 23. b5 Ne7 24. Qe2 g4 25. N3d2 f5 26. b6 f4 27. a6 axb6 28. axb7 Rfg8 29. Bc2 b5 30. Nb3 fxg3 31. Nc5 gxh2+ 32. Qxh2 g3 33. Qe2 g2 34. Ra8+ Kc7 35. b8=Q+ Rxb8 36. Ra7+ Kc8 37. Nh2 Qxh2+ 38. Kxh2 Nf4+ 39. Kg3 Nxe2+ 40. Kxg2 Nxc1 41. Rxd7 Ra8 42. Bd1 Nd3 43. Kf3 0-1

[Event "Pere Noel"]
[Site "Montreal CAN"]
[Date "2001.12.28"]
[Round "3"]
[White "Larochelle, Martial"]
[Black "Sarwer, Jeff"]
[Result "0-1"]
[WhiteElo "2259"]
[BlackElo "2309"]
[PlyCount "124"]
[GameId "2160767911484770"]
[EventDate "2001.12.26"]
[EventType "swiss"]
[EventRounds "5"]
[EventCountry "CAN"]
[SourceTitle "EXT 2005"]
[Source "ChessBase"]
[SourceDate "2004.11.15"]
[SourceVersion "1"]
[SourceVersionDate "2004.11.15"]
[SourceQuality "1"]

1. g3 e5 2. c4 d5 3. cxd5 Qxd5 4. Nf3 Bc5 5. Nc3 Qe6 6. Bg2 Nf6 7. O-O O-O 8. d4 exd4 9. Nxd4 Qe7 10. Na4 Bd6 11. Qc2 c6 12. Nc3 Bc5 13. e3 Bg4 14. h3 Bh5 15. Na4 Bb4 16. a3 Bg6 17. Qc4 Bd6 18. Nc3 Nbd7 19. Nf3 Nc5 20. Ne1 Rad8 21. b4 Nce4 22. Nxe4 Nxe4 23. Bb2 Nxg3 24. fxg3 Qxe3+ 25. Kh1 Qxg3 26. Nf3 Bf4 27. Rad1 Bh5 28. Qe2 Bxf3 29. Bxf3 Qxh3+ 30. Kg1 Rde8 31. Qg2 Be3+ 32. Rf2 Qh6 33. Rd3 Bxf2+ 34. Qxf2 Qg6+ 35. Qg2 Re1+ 36. Kf2 Rb1 37. Bc3 Qh6 38. Be4 f5 39. Bxg7 Qxg7 40. Qxg7+ Kxg7 41. Rd7+ Rf7 42. Rxf7+ Kxf7 43. Bxb1 Kf6 44. Kf3 Ke5 45. Bd3 h6 46. Ke3 f4+ 47. Kf3 Kd4 48. Bg6 Kc3 49. Kxf4 Kb3 50. Ke3 Kxa3 51. Kd2 Kxb4 52. Kc2 c5 53. Bf7 a5 54. Kb2 b5 55. Be8 c4 56. Bf7 Kc5 57. Be8 b4 58. Kc2 Kd4 59. Kd2 b3 60. Kc1 c3 61. Ba4 Kc4 62. Be8 Kb4 0-1

[Event "Pere Noel"]
[Site "Montreal CAN"]
[Date "2001.12.29"]
[Round "4"]
[White "Sarwer, Jeff"]
[Black "Roy, Guy"]
[Result "1-0"]
[WhiteElo "2309"]
[BlackElo "2129"]
[PlyCount "103"]
[GameId "2160767911484772"]
[EventDate "2001.12.26"]
[EventType "swiss"]
[EventRounds "5"]
[EventCountry "CAN"]
[SourceTitle "EXT 2005"]
[Source "ChessBase"]
[SourceDate "2004.11.15"]
[SourceVersion "1"]
[SourceVersionDate "2004.11.15"]
[SourceQuality "1"]

1. d4 d5 2. c4 c6 3. Nf3 Nf6 4. Nc3 e6 5. e3 Bb4 6. Qc2 Nbd7 7. Bd3 dxc4 8. Bxc4 Nd5 9. e4 Nxc3 10. bxc3 Be7 11. O-O O-O 12. Bf4 Re8 13. Rfd1 b5 14. Bb3 Bb7 15. c4 Rc8 16. c5 a5 17. a4 b4 18. Nd2 Ba6 19. Bc4 Bb7 20. e5 Nf8 21. Ne4 Ng6 22. Bg3 Qd7 23. Qe2 Ra8 24. Rab1 Bf8 25. Qg4 Kh8 26. Qh5 Be7 27. Qf3 Rf8 28. Qe2 Rfd8 29. h3 Qc8 30. Qh5 Ba6 31. Bb3 Ra7 32. Nd6 Bxd6 33. exd6 Qd7 34. Rb2 Kg8 35. f4 Re8 36. Rf2 Rf8 37. f5 exf5 38. Qxf5 Qxf5 39. Rxf5 Re8 40. d5 Bc8 41. Rf3 Bd7 42. Rfd3 Rc8 43. dxc6 Rxc6 44. Rc1 Rc8 45. Rf1 Rf8 46. Re3 Bc6 47. h4 Rfa8 48. h5 Nf8 49. Re7 Rxe7 50. dxe7 Ne6 51. Bxe6 fxe6 52. Bd6 1-0

[Event "Pere Noel"]
[Site "Montreal CAN"]
[Date "2001.12.30"]
[Round "5"]
[White "Bannon, Eric"]
[Black "Gottlieb, Jonathan"]
[Result "0-1"]
[WhiteElo "2181"]
[BlackElo "2175"]
[PlyCount "80"]
[GameId "2160767911484773"]
[EventDate "2001.12.26"]
[EventType "swiss"]
[EventRounds "5"]
[EventCountry "CAN"]

1. e4 c5 2. Nf3 d6 3. d4 cxd4 4. Nxd4 Nf6 5. Nc3 a6 6. Be2 e6 7. a4 b6 8. f4 Bb7 9. Bf3 Qc7 10. O-O Be7 11. Be3 Nbd7 12. Qe2 O-O 13. g4 Nc5 14. Qg2 Rfe8 15. g5 Nfd7 16. Nde2 b5 17. axb5 axb5 18. Nxb5 Qb8 19. Nbc3 Rxa1 20. Rxa1 Bc6 21. b3 Qb4 22. h4 Bd8 23. h5 Bb6 24. Kf2 d5 25. g6 dxe4 26. gxf7+ Kxf7 27. Rg1 Rg8 28. Bg4 Ba8 29. f5 e5 30. h6 Nd3+ 31. cxd3 Bxe3+ 32. Kxe3 Qc5+ 33. d4 exd4+ 34. Nxd4 Qxc3+ 35. Ke2 Qd3+ 36. Ke1 Qxd4 37. Bh5+ Ke7 38. hxg7 Nf6 39. Bd1 Rd8 40. Be2 Qc3+ 0-1

[Event "Pere Noel"]
[Site "Montreal CAN"]
[Date "2001.12.30"]
[Round "5"]
[White "Sarwer, Jeff"]
[Black "Linskiy, Oleg"]
[Result "1-0"]
[WhiteElo "2309"]
[BlackElo "2455"]
[PlyCount "59"]
[GameId "2160767911484774"]
[EventDate "2001.12.26"]
[EventType "swiss"]
[EventRounds "5"]
[EventCountry "CAN"]
[SourceTitle "EXT 2005"]
[Source "ChessBase"]
[SourceDate "2004.11.15"]
[SourceVersion "1"]
[SourceVersionDate "2004.11.15"]
[SourceQuality "1"]

1. d4 Nf6 2. c4 e6 3. Nc3 Bb4 4. Qb3 c5 5. e3 O-O 6. Nf3 b6 7. a3 Bxc3+ 8. Qxc3 Ne4 9. Qc2 Bb7 10. b4 d6 11. Nd2 f5 12. Nxe4 Bxe4 13. Qc3 Nd7 14. Bb2 Qe7 15. Rd1 Bb7 16. Be2 e5 17. dxc5 bxc5 18. Bf3 Bxf3 19. gxf3 Nb6 20. Rg1 Na4 21. Qc2 Nxb2 22. Qxb2 cxb4 23. axb4 Rac8 24. Qb3 Qe6 25. Rd5 Rc6 26. Ke2 Rfc8 27. c5 dxc5 28. bxc5 h6 29. Rg6 Rb6 30. cxb6 1-0

[Event "Plateau 1"]
[Site "Montreal CAN"]
[Date "2001.01.16"]
[Round "1"]
[White "Moisan-Plante, Marc-Olivier"]
[Black "Voskanyan, Vahagn"]
[Result "0-1"]
[WhiteElo "2111"]
[BlackElo "2353"]
[PlyCount "82"]
[GameId "2160767911564458"]
[EventDate "2001.06.16"]
[EventType "swiss"]
[EventRounds "4"]
[EventCountry "CAN"]
[SourceTitle "hb 2012"]

1. e4 c6 2. d4 d5 3. e5 Bf5 4. h4 h6 5. g4 Bg6 6. h5 Be4 7. f3 Bh7 8. e6 fxe6 9. Bd3 Bxd3 10. Qxd3 Qd6 11. f4 Nd7 12. Nf3 O-O-O 13. Ne5 Nxe5 14. fxe5 Qc7 15. Be3 Nf6 16. exf6 exf6 17. Bf2 Qf4 18. Rg1 Qc1+ 19. Ke2 Qxb2 20. Nd2 Qb6 21. c4 dxc4 22. Nxc4 Qa6 23. Nd2 Qa5 24. Rgc1 Bd6 25. Qe4 Rhe8 26. Nc4 Qa6 27. Kf3 Bc7 28. a4 f5 29. gxf5 exf5 30. Qxf5+ Kb8 31. Qg6 Rf8+ 32. Kg2 Rd5 33. Be3 Rdd8 34. Ra3 Rde8 35. Kh1 Re7 36. d5 Rf6 37. Qh7 Rd7 38. Qg8+ Rd8 39. Qxg7 cxd5 40. Nb6 Rf1+ 41. Kg2 Qe2+ 0-1

[Event "Plateau 1"]
[Site "Montreal CAN"]
[Date "2001.06.16"]
[Round "1"]
[White "Linskiy, Oleg"]
[Black "Larochelle, Martial"]
[Result "1-0"]
[WhiteElo "2470"]
[BlackElo "2129"]
[PlyCount "71"]
[GameId "2160767911564459"]
[EventDate "2001.06.16"]
[EventType "swiss"]
[EventRounds "4"]
[EventCountry "CAN"]

1. d4 d5 2. c4 Nc6 3. Nf3 Bg4 4. cxd5 Bxf3 5. gxf3 Qxd5 6. e3 e5 7. Nc3 Bb4 8. Bd2 Bxc3 9. bxc3 Qd6 10. Rb1 b6 11. Bd3 Nge7 12. O-O O-O 13. Kh1 Rad8 14. Rg1 Qe6 15. Qc2 g6 16. Bc1 Rfe8 17. Ba3 Nc8 18. Bb5 a5 19. Rg3 N8a7 20. Ba4 Qd7 21. Bb3 Kh8 22. Bb2 b5 23. a3 a4 24. Ba2 Nc8 25. c4 bxc4 26. dxe5 Kg8 27. e6 Rxe6 28. Bxc4 Qd2 29. Qxd2 Rxd2 30. Bxe6 fxe6 31. Kg2 Nb6 32. Rg4 Rc2 33. Rc1 Rxb2 34. Rxc6 Rb3 35. Rxc7 Rxa3 36. Rb4 1-0